| 000 | 00538nam a22001817a 4500 | ||
|---|---|---|---|
| 999 |
_c14156 _d14156 |
||
| 003 | AR-CdUCM | ||
| 008 | 190422b ||||| |||| 00| 0 spa d | ||
| 020 | _a978-987-612-530-7 | ||
| 040 |
_aMUNICIPALIDAD PROVINCIAL DEL CUSCO _cBIBLIOTECA MUNICIPAL DEL CUSCO |
||
| 082 |
_aPI / 376.1 / _bC23 |
||
| 100 |
_aCané, Raquel _932826 |
||
| 245 | _aSoy / | ||
| 260 |
_aBuenos Aires : _bV&R, _c2012. |
||
| 300 |
_a26 páginas ; _bIlustraciones, _c23 cm. |
||
| 650 |
_aCuentos infantiles _93927 |
||
| 942 |
_2ddc _cLIBROS |
||
| 945 |
_aacv _d2019-04-22 |
||